[Event "22nd EUR-ch (w)"]
[Site "Prague CZE"]
[Date "2022.08.27"]
[Round "7.27"]
[White "Daulyte-Cornette, Deimante"]
[Black "Hajiyeva, Laman"]
[Result "1/2-1/2"]
[WhiteElo "2384"]
[BlackElo "2042"]
[EventDate "2022.08.20"]
[PlyCount "91"]

1.e4 c6 2.Nf3 d5 3.d3 dxe4 4.dxe4 Qxd1+ 5.Kxd1 Nf6 6.Nbd2 Nbd7 7.Ne1 Nc5 
8.f3 e5 9.Nc4 Nfd7 10.a4 Ne6 11.Nd3 f6 12.Be3 Be7 13.a5 Kf7 14.c3 Ndc5 15.
Nxc5 Bxc5 16.Bxc5 Nxc5 17.Nd6+ Ke7 18.Nxc8+ Raxc8 19.Bc4 Ne6 20.g3 Rhd8+ 
21.Ke2 Rc7 22.Rad1 Rcd7 23.Rxd7+ Rxd7 24.Ke3 b5 25.axb6 axb6 26.Ra1 b5 27.
Bf1 Nc5 28.Bh3 Rd6 29.Ra7+ Kf8 30.b4 Ne6 31.f4 Nd8 32.Bf5 g6 33.Bh3 Nf7 
34.Rc7 exf4+ 35.gxf4 g5 36.fxg5 fxg5 37.Bf5 Ne5 38.Rxh7 Rd3+ 39.Ke2 Rxc3 
40.Rh6 Rb3 41.Rf6+ Kg7 42.Re6 Nf3 43.Rd6 Ne5 44.Re6 Nf3 45.Rd6 Ne5 46.Re6 
1/2-1/2

[Event "22nd EUR-ch (w)"]
[Site "Prague CZE"]
[Date "2022.08.27"]
[Round "7.28"]
[White "Paramzina, Anastasya"]
[Black "Bulmaga, Irina"]
[Result "0-1"]
[WhiteElo "2216"]
[BlackElo "2403"]
[EventDate "2022.08.20"]
[PlyCount "74"]

1.e4 e5 2.Nf3 Nc6 3.Bc4 Bc5 4.O-O Nf6 5.d3 d6 6.c3 a5 7.Re1 h6 8.Nbd2 O-O 
9.h3 a4 10.Bb5 Bd7 11.Nf1 Ne7 12.Bxd7 Nxd7 13.Be3 f5 14.b4 Bxe3 15.Nxe3 
fxe4 16.dxe4 Nf6 17.Nc2 Qe8 18.Qd3 Kh8 19.c4 Nh5 20.Re3 Nf4 21.Qf1 Qh5 22.
Nce1 Rf6 23.Rd1 Raf8 24.Rd2 Rg6 25.Kh1 Nxg2 26.Nxg2 Rxf3 27.Nh4 Rxe3 28.
Nxg6+ Qxg6 29.fxe3 Qxe4+ 30.Rg2 Nf5 31.Kh2 Kh7 32.Rg4 Nxe3 33.Rxe4 Nxf1+ 
34.Kg2 Nd2 35.Rg4 h5 36.Rg3 Nxc4 37.b5 g6 0-1

[Event "22nd EUR-ch (w)"]
[Site "Prague CZE"]
[Date "2022.08.27"]
[Round "7.29"]
[White "Calzetta Ruiz, Monica"]
[Black "Melia, Salome"]
[Result "1/2-1/2"]
[WhiteElo "2230"]
[BlackElo "2384"]
[EventDate "2022.08.20"]
[PlyCount "38"]

1.e4 c5 2.Nf3 Nc6 3.Nc3 Nf6 4.Bb5 Qc7 5.O-O a6 6.Bxc6 dxc6 7.e5 Nd5 8.Ne4 
Bg4 9.Nxc5 e6 10.Nd3 Be7 11.b3 O-O 12.Bb2 b5 13.h3 Bh5 14.a4 c5 15.axb5 
axb5 16.Rxa8 Rxa8 17.c4 bxc4 18.bxc4 Nb6 19.Nf4 Nxc4 1/2-1/2

[Event "22nd EUR-ch (w)"]
[Site "Prague CZE"]
[Date "2022.08.27"]
[Round "7.30"]
[White "Lehaci, Miruna-Daria"]
[Black "Zhukova, Natalia"]
[Result "1/2-1/2"]
[WhiteElo "2186"]
[BlackElo "2335"]
[EventDate "2022.08.20"]
[PlyCount "107"]

1.e4 e6 2.d4 d5 3.Nc3 Bb4 4.exd5 exd5 5.Bd3 c6 6.Qf3 Ne7 7.Ne2 Be6 8.Bd2 
Na6 9.Nf4 Nc7 10.Nh5 O-O 11.O-O-O Bxc3 12.Bxc3 Nb5 13.Bb4 Re8 14.Bxe7 Qxe7
15.Qg3 f6 16.Rhe1 Qf7 17.Qh4 g5 18.Nxf6+ Qxf6 19.Qxh7+ Kf8 20.Qxb7 Nxd4 
21.c3 Nf5 22.Qxc6 Rac8 23.Qa6 Rc7 24.Bb5 Ree7 25.Rxd5 Kg7 26.Rde5 Bf7 27.
Qxf6+ Kxf6 28.Rxe7 Nxe7 29.a4 Nd5 30.g3 Be6 31.f3 Nb6 32.Rf1 Bb3 33.a5 Nd5
34.Bd3 Rc5 35.a6 Nb4 36.Be2 Nd5 37.Kd2 Rc6 38.Ra1 Nb6 39.Ra5 Nc4+ 40.Bxc4 
Bxc4 41.b4 Rb6 42.h4 gxh4 43.gxh4 Re6 44.h5 Bxa6 45.b5 Bb7 46.Rxa7 Bxf3 
47.h6 Re2+ 48.Kd3 Rh2 49.h7 Be2+ 50.Kd4 Bxb5 51.c4 Rh4+ 52.Kc5 Bxc4 53.
h8=Q+ Rxh8 54.Kxc4 1/2-1/2

[Event "22nd EUR-ch (w)"]
[Site "Prague CZE"]
[Date "2022.08.27"]
[Round "7.31"]
[White "Roebers, Eline"]
[Black "Richtrova, Eliska"]
[Result "1-0"]
[WhiteElo "2324"]
[BlackElo "2204"]
[EventDate "2022.08.20"]
[PlyCount "55"]

1.e4 c5 2.Nf3 e6 3.d4 cxd4 4.Nxd4 a6 5.Bd3 Qc7 6.Qe2 Nc6 7.Nxc6 Qxc6 8.Nc3
Nf6 9.f4 Bb4 10.Bd2 b5 11.O-O-O Bb7 12.Rhe1 Rc8 13.g4 O-O 14.Kb1 Bxc3 15.
Bxc3 d5 16.e5 Ne4 17.Bd4 Rc7 18.g5 b4 19.Qh5 a5 20.Re3 Ba6 21.Rh3 Rfc8 22.
Qxh7+ Kf8 23.Bxe4 dxe4 24.c3 bxc3 25.Rxc3 Qa4 26.Qh8+ Ke7 27.Rxc7+ Rxc7 
28.Bc5+ 1-0

[Event "22nd EUR-ch (w)"]
[Site "Prague CZE"]
[Date "2022.08.27"]
[Round "7.32"]
[White "Gaal, Zsoka"]
[Black "Dolzhykova, Kateryna"]
[Result "0-1"]
[WhiteElo "2313"]
[BlackElo "2139"]
[EventDate "2022.08.20"]
[PlyCount "76"]

1.Nf3 Nf6 2.g3 g6 3.b3 Bg7 4.Bb2 O-O 5.Bg2 d6 6.d4 b5 7.O-O Bb7 8.Qd3 a6 
9.Nbd2 c5 10.e4 Nbd7 11.d5 c4 12.bxc4 Nc5 13.Qe2 bxc4 14.Rab1 a5 15.Bd4 c3
16.Rxb7 Nxb7 17.Bxc3 Qc7 18.Nb1 Rfc8 19.Nd4 Qc4 20.Qd2 Nc5 21.Re1 Rab8 22.
Nc6 Ncxe4 23.Nxe7+ Kf8 24.Bxe4 Nxe4 25.Bxg7+ Kxg7 26.Qf4 Re8 27.Na3 Qxa2 
28.Rxe4 Qxa3 29.Nf5+ Kh8 30.Qh6 Qa1+ 31.Kg2 Rxe4 32.Nxd6 Re7 33.Qg5 Rd7 
34.Qf4 Rf8 35.Ne4 Qd4 36.c3 Qxd5 37.Qf6+ Kg8 38.Qf3 f5 0-1

[Event "22nd EUR-ch (w)"]
[Site "Prague CZE"]
[Date "2022.08.27"]
[Round "7.33"]
[White "Belenkaya, Dina"]
[Black "Ciolacu, Alessia-Mihaela"]
[Result "1-0"]
[WhiteElo "2293"]
[BlackElo "2169"]
[EventDate "2022.08.20"]
[PlyCount "123"]

1.e4 e5 2.Nf3 Nc6 3.d4 exd4 4.Nxd4 Qf6 5.Nxc6 Bc5 6.Qf3 bxc6 7.Nd2 Qxf3 8.
gxf3 d6 9.Nb3 Bb6 10.Rg1 Kf8 11.Bd2 f5 12.c4 a5 13.Bc3 Nf6 14.a4 Be6 15.
Bd3 fxe4 16.fxe4 Ng4 17.c5 dxc5 18.Be2 h5 19.h3 Nf6 20.Nd2 Re8 21.f3 h4 
22.Nc4 Bxh3 23.Kf2 Bc8 24.Kg2 Nh5 25.Kh2 Ng3 26.Bd3 Rh5 27.Be1 Rd8 28.Rd1 
Be6 29.b3 g5 30.Bxg3 hxg3+ 31.Kxg3 Rh3+ 32.Kf2 g4 33.Rg3 Rh2+ 34.Ke3 gxf3 
35.Rf1 Rd7 36.Rgxf3+ Ke8 37.e5 Rg7 38.Be4 Bd5 39.Rd1 Rd7 40.Rg3 Rh4 41.
Bg6+ Kd8 42.Rf1 Re7 43.Rf8+ Kd7 44.Bf5+ Be6 45.Bxe6+ Kxe6 46.Rf4 Rh1 47.
Ke4 Re1+ 48.Re3 Rh1 49.Rf6+ Kd7 50.Rd3+ Ke8 51.Rxc6 Rh4+ 52.Kf5 Rh5+ 53.
Kg4 Rh1 54.Rf6 Rg7+ 55.Kf4 Rh4+ 56.Kf5 Rh5+ 57.Ke4 Rh4+ 58.Rf4 Rh1 59.Rdf3
Re1+ 60.Kd5 Re7 61.Kc6 Re6+ 62.Nd6+ 1-0

[Event "22nd EUR-ch (w)"]
[Site "Prague CZE"]
[Date "2022.08.27"]
[Round "7.34"]
[White "Rodshtein, Tereza"]
[Black "Movsesian, Julia"]
[Result "1-0"]
[WhiteElo "2154"]
[BlackElo "2291"]
[EventDate "2022.08.20"]
[PlyCount "139"]

1.e4 c6 2.d4 d5 3.exd5 cxd5 4.Bd3 Nc6 5.c3 Nf6 6.h3 g6 7.Bf4 Bg7 8.Nf3 O-O
9.O-O Bf5 10.Re1 Bxd3 11.Qxd3 a6 12.a4 Ne8 13.Nbd2 Nd6 14.b4 Rc8 15.a5 Na7
16.Nb3 Ne4 17.Nc5 Nxc5 18.bxc5 Nb5 19.Qe3 Re8 20.Bh6 Qd7 21.Bxg7 Kxg7 22.
Ne5 Qf5 23.g4 Qf6 24.Qg3 g5 25.Re3 Qf4 26.Qg2 f6 27.Nd3 Qc7 28.Nb4 e6 29.
Rae1 Qd7 30.Qf1 Na3 31.Qe2 Kf7 32.Qd3 Kg7 33.Qe2 Kf7 34.Qd3 Kg7 35.c6 Rxc6
36.Nxc6 Qxc6 37.Qe2 Kf7 38.Qd3 Kg7 39.h4 Nc4 40.Rh3 e5 41.hxg5 e4 42.gxf6+
Qxf6 43.Qc2 Re7 44.f3 Qg6 45.Rh5 Rf7 46.Rxd5 Rxf3 47.Rxe4 Rf1+ 48.Kxf1 
Ne3+ 49.Rxe3 Qxc2 50.Rg5+ Kf6 51.Rf5+ Kg7 52.d5 Qd2 53.Rfe5 Kg6 54.d6 h6 
55.c4 Qc1+ 56.Kg2 Qxc4 57.Kg3 Qc6 58.Re6+ Kf7 59.Re7+ Kf8 60.R7e6 Kf7 61.
Rxh6 Qc1 62.Rhe6 Qd2 63.Re7+ Kf8 64.Re8+ Kf7 65.R3e7+ Kf6 66.Re6+ Kf7 67.
R8e7+ Kf8 68.d7 Qc3+ 69.Re3 Qc7+ 70.Kh3 1-0

[Event "22nd EUR-ch (w)"]
[Site "Prague CZE"]
[Date "2022.08.27"]
[Round "7.35"]
[White "Blagojevic, Tijana"]
[Black "Tsirulnik, Maritsa"]
[Result "1-0"]
[WhiteElo "2291"]
[BlackElo "2089"]
[EventDate "2022.08.20"]
[PlyCount "128"]

1.e4 c5 2.Nf3 e6 3.g3 Nc6 4.d4 cxd4 5.Nxd4 d5 6.Bg2 dxe4 7.Nxc6 Qxd1+ 8.
Kxd1 bxc6 9.Bxe4 Bb7 10.Re1 O-O-O+ 11.Ke2 Ba6+ 12.Kf3 Nf6 13.Bg5 h6 14.
Bxf6 gxf6 15.Bxc6 Kc7 16.Be4 f5 17.Bd3 Bxd3 18.cxd3 Bg7 19.Rc1+ Kb7 20.Nd2
Rxd3+ 21.Ke2 Rd5 22.Rc2 h5 23.Rac1 Rhd8 24.Nf3 R8d7 25.Rc4 a5 26.b3 e5 27.
R1c2 Bf6 28.Ra4 Bd8 29.Nd2 e4 30.Nc4 h4 31.b4 f4 32.gxf4 f5 33.bxa5 Ka6 
34.Ne3 Rb5 35.Rac4 Bxa5 36.Rc6+ Kb7 37.R6c5 Rxc5 38.Rxc5 Rd2+ 39.Kf1 Bb6 
40.Rb5 Rxa2 41.Nc4 Kc6 42.Rxb6+ Kc5 43.Rf6 Kxc4 44.Rxf5 h3 45.Rh5 Ra3 46.
Rh8 Rf3 47.Ke2 Rxf4 48.Rxh3 Kd4 49.Rh8 Rf7 50.h4 Ke5 51.h5 Kf5 52.Ra8 Kg5 
53.Ra5+ Kh6 54.Rb5 Rf4 55.Re5 Rf7 56.Ke1 Rf3 57.Kf1 e3 58.Rxe3 Rxe3 59.
fxe3 Kxh5 60.Ke2 Kg5 61.Kd3 Kf5 62.Kd4 Ke6 63.Ke4 Kf6 64.Kd5 Kf7 1-0

[Event "22nd EUR-ch (w)"]
[Site "Prague CZE"]
[Date "2022.08.27"]
[Round "7.36"]
[White "Spanko, Nadia"]
[Black "Doluhanova, Evgeniya"]
[Result "0-1"]
[WhiteElo "2136"]
[BlackElo "2278"]
[EventDate "2022.08.20"]
[PlyCount "100"]

1.e4 e5 2.Nf3 Nc6 3.Bc4 Be7 4.d4 d6 5.Bb5 exd4 6.Nxd4 Bd7 7.Nc3 Bf6 8.Be3 
Nge7 9.O-O O-O 10.a4 a6 11.Be2 Re8 12.Kh1 Ng6 13.Qd2 Nxd4 14.Bxd4 Bc6 15.
f3 Nf4 16.Bc4 Bxd4 17.Qxd4 Qg5 18.Qd2 Qf6 19.b4 h6 20.Rad1 Re5 21.g3 Ng6 
22.b5 axb5 23.axb5 Bd7 24.Nd5 Qd8 25.b6 cxb6 26.Qd4 b5 27.Bb3 Bh3 28.Rf2 
h5 29.f4 Re8 30.f5 Ne5 31.f6 g6 32.Qd2 Kh7 33.Ne7 Qb6 34.Rf4 Qa5 35.Qe3 
Qa1 36.Re1 Qa7 37.Qd2 Qa5 38.Qe3 Qa7 39.Qd2 Qa5 40.Qc1 Qc3 41.Nd5 Qc5 42.
Ne7 Ra3 43.Nf5 Bxf5 44.Rxf5 Rxb3 45.Qd1 Re3 46.Ref1 Qc4 47.Rxh5+ Kg8 48.
Rf4 gxh5 49.Qxh5 Re1+ 50.Kg2 Qe2+ 0-1

[Event "22nd EUR-ch (w)"]
[Site "Prague CZE"]
[Date "2022.08.27"]
[Round "7.37"]
[White "Lhotska, Anna"]
[Black "Gueci, Tea"]
[Result "0-1"]
[WhiteElo "2081"]
[BlackElo "2254"]
[EventDate "2022.08.20"]
[PlyCount "82"]

1.e4 c5 2.Nf3 d6 3.d4 cxd4 4.Nxd4 Nf6 5.Nc3 a6 6.Be3 e5 7.Nb3 Be6 8.f3 h5 
9.Qd2 Nbd7 10.O-O-O b5 11.h3 h4 12.Bd3 Rc8 13.Kb1 Be7 14.Rhe1 O-O 15.f4 
Qc7 16.f5 Bc4 17.g4 hxg3 18.Rg1 Nh5 19.Ne2 Bh4 20.Nbc1 Bxd3 21.cxd3 Qd8 
22.Nc3 Ndf6 23.Bg5 Bxg5 24.Qxg5 Qc7 25.N3e2 Qc2+ 26.Ka1 Rc7 27.Nxg3 Rfc8 
28.Nxh5 Nxh5 29.Nb3 f6 30.Qxh5 a5 31.Rb1 Qxd3 32.Qg4 a4 33.Nc1 Qe3 34.Ne2 
b4 35.h4 a3 36.h5 b3 37.Rg3 axb2+ 38.Rxb2 Rc1+ 39.Rb1 b2+ 40.Kxb2 Rb8+ 41.
Ka1 Rbxb1# 0-1

[Event "22nd EUR-ch (w)"]
[Site "Prague CZE"]
[Date "2022.08.27"]
[Round "7.38"]
[White "Butenandt, Svenja"]
[Black "Zimina, Olga"]
[Result "1/2-1/2"]
[WhiteElo "2032"]
[BlackElo "2340"]
[EventDate "2022.08.20"]
[PlyCount "134"]

1.d4 d5 2.c4 c6 3.Nc3 Nf6 4.Nf3 a6 5.c5 g6 6.Bf4 Nh5 7.Bd2 Bg7 8.e3 O-O 9.
Be2 Nf6 10.O-O Ne4 11.b4 Nd7 12.a4 a5 13.Qb3 Nxd2 14.Nxd2 e5 15.Nf3 axb4 
16.Qxb4 Qa5 17.Qxa5 Rxa5 18.Ra3 Re8 19.Re1 exd4 20.exd4 Nf8 21.Rd1 Ne6 22.
Bf1 Nf4 23.h3 Bf6 24.Kh2 g5 25.g3 Ne6 26.Ne2 h5 27.Nc1 g4 28.Nb3 Ra8 29.
Ng1 Ng5 30.h4 Ne4 31.Re1 Bf5 32.Kg2 Nc3 33.Rxe8+ Rxe8 34.a5 Re1 35.a6 bxa6
36.Bxa6 Be4+ 37.f3 gxf3+ 38.Nxf3 Nb1 39.Kf2 Bxf3 40.Ra1 Rh1 41.Kxf3 Nd2+ 
42.Kg2 Rxa1 43.Nxa1 Bxd4 44.Nc2 Bxc5 45.Bb7 Ne4 46.Bxc6 Nf6 47.Kf3 Kf8 48.
Ne1 Ke7 49.Nd3 Kd6 50.Ba4 Bd4 51.Kf4 Ke6 52.Bd1 Bb6 53.Be2 Bc7+ 54.Kf3 Kf5
55.Bf1 Ne4 56.Bh3+ Kg6 57.Nf4+ Bxf4 58.Kxf4 Nc3 59.g4 d4 60.g5 Nd1 61.Bf5+
Kg7 62.Ke5 Ne3 63.Be4 d3 64.Bxd3 Ng2 65.Be2 Nxh4 66.Bxh5 Ng6+ 67.Bxg6 Kxg6
1/2-1/2

[Event "22nd EUR-ch (w)"]
[Site "Prague CZE"]
[Date "2022.08.27"]
[Round "7.39"]
[White "Petrova, Irina"]
[Black "Papp, Sarah"]
[Result "0-1"]
[WhiteElo "2127"]
[BlackElo "2290"]
[EventDate "2022.08.20"]
[PlyCount "128"]

1.e4 c6 2.d4 d5 3.e5 Bf5 4.h4 h5 5.Bd3 Bxd3 6.Qxd3 Qa5+ 7.Nd2 e6 8.Ne2 Ne7
9.O-O Nf5 10.Nf3 Qa6 11.Qxa6 Nxa6 12.Ng3 Nxg3 13.fxg3 Be7 14.Ng5 O-O 15.c3
c5 16.Bd2 Rac8 17.Rac1 Rc6 18.a3 Bxg5 19.Bxg5 Rfc8 20.Kf2 cxd4 21.cxd4 
Rc2+ 22.Kf3 Kh7 23.Bd2 Nb8 24.Bc3 Rxc1 25.Rxc1 Nc6 26.Rf1 f6 27.exf6 Rf8 
28.Ke3 gxf6 29.Rf4 f5 30.Kd3 Kg6 31.Rf1 Kf7 32.Bd2 Ke8 33.Bf4 Kd7 34.Rc1 
Rf7 35.Rc3 Rg7 36.Rc1 Rg8 37.Rc3 Ra8 38.Rc1 a5 39.Rc5 a4 40.Rb5 Ra7 41.Ke3
Na5 42.Be5 Nc4+ 43.Kf4 b6 44.Kg5 Kc6 45.Rb4 Nxe5 46.dxe5 Kc5 47.b3 axb3 
48.Rxb3 b5 49.Kxh5 Rg7 50.Kh6 Rg4 51.h5 d4 52.Kh7 Kc4 53.Rb4+ Kc3 54.Rxb5 
d3 55.h6 d2 56.Rb1 Kc2 57.Rg1 d1=Q 58.Rxd1 Kxd1 59.Kh8 Kc2 60.h7 Kc3 61.a4
Kd4 62.a5 Kxe5 63.a6 Kd6 64.a7 Ra4 0-1

[Event "22nd EUR-ch (w)"]
[Site "Prague CZE"]
[Date "2022.08.27"]
[Round "7.40"]
[White "Gajcin, Marina"]
[Black "Hrebenshchykova, Yelyzaveta"]
[Result "1-0"]
[WhiteElo "2244"]
[BlackElo "2123"]
[EventDate "2022.08.20"]
[PlyCount "107"]

1.e4 c5 2.Nf3 e6 3.d4 cxd4 4.Nxd4 Nc6 5.Nc3 d6 6.g4 h6 7.Be3 Nf6 8.Rg1 g5 
9.Qd2 Ne5 10.Be2 Ng6 11.O-O-O a6 12.Nb3 Bd7 13.Kb1 Bc6 14.f3 b5 15.a3 Be7 
16.Nd4 Bd7 17.Bf2 Rb8 18.Bg3 Qb6 19.Nb3 Ne5 20.Qd4 Qxd4 21.Rxd4 h5 22.h3 
Rc8 23.Rdd1 Nc4 24.Bxc4 bxc4 25.Nd4 hxg4 26.hxg4 e5 27.Nf5 Bxf5 28.exf5 
Rh3 29.Rd2 Kf8 30.Ka2 Kg7 31.Ne4 Nxe4 32.fxe4 f6 33.Rd5 Rc6 34.a4 Bd8 35.
a5 Bc7 36.b4 cxb3+ 37.Kxb3 Bb8 38.Rd3 Rc5 39.Be1 Rxd3+ 40.cxd3 Bc7 41.Bb4 
Rc6 42.Rd1 Bd8 43.d4 Be7 44.dxe5 fxe5 45.Rd3 Rc1 46.Bxd6 Bxd6 47.Rxd6 Re1 
48.Rxa6 Rxe4 49.Rg6+ Kf7 50.Rxg5 Re1 51.Rg6 Ra1 52.a6 e4 53.Kc3 Ra3+ 54.
Kd2 1-0

[Event "22nd EUR-ch (w)"]
[Site "Prague CZE"]
[Date "2022.08.27"]
[Round "7.41"]
[White "Sedina, Elena"]
[Black "Marcinczyk, Monika"]
[Result "0-1"]
[WhiteElo "2213"]
[BlackElo "1934"]
[EventDate "2022.08.20"]
[PlyCount "96"]

1.e4 c5 2.Nf3 d6 3.Bb5+ Bd7 4.Bxd7+ Nxd7 5.O-O Ngf6 6.Qe2 e6 7.c3 Be7 8.d4
O-O 9.Rd1 d5 10.e5 Ne4 11.Ne1 h6 12.Be3 Qb6 13.f3 Ng5 14.Nd3 c4 15.Nf4 
Rfe8 16.Qc2 Nxe5 17.Nd2 Nc6 18.Nf1 Bd6 19.Qd2 Ne7 20.Nh5 Nh7 21.g4 Ng6 22.
Kh1 Qc7 23.Qg2 Ng5 24.Bf2 Nf4 25.Nxf4 Bxf4 26.Ng3 b5 27.Ne2 Bd6 28.h4 Nh7 
29.Be3 Qe7 30.Bf2 f5 31.Re1 f4 32.Ng1 Qf6 33.h5 Ng5 34.Bh4 e5 35.dxe5 Bxe5
36.Rad1 Rad8 37.Qf2 a6 38.Re2 Re7 39.Qc5 Red7 40.Rde1 Bc7 41.Re8+ Kh7 42.
Bf2 Ne4 43.R1xe4 dxe4 44.Rxe4 Rd2 45.Ne2 Bd6 46.Qb6 Rxb2 47.Qxa6 Be5 48.
Qa7 Rdd2 0-1

[Event "22nd EUR-ch (w)"]
[Site "Prague CZE"]
[Date "2022.08.27"]
[Round "7.42"]
[White "Pipiras, Filipa Fortuna"]
[Black "Polterauer, Chiara"]
[Result "1/2-1/2"]
[WhiteElo "2135"]
[BlackElo "2183"]
[EventDate "2022.08.20"]
[PlyCount "107"]

1.d4 Nf6 2.c4 g6 3.Nc3 d5 4.cxd5 Nxd5 5.e4 Nxc3 6.bxc3 Bg7 7.Bc4 c5 8.Ne2 
Nc6 9.Be3 O-O 10.O-O Qc7 11.Qd2 Rd8 12.Bf4 Qa5 13.d5 b5 14.Bb3 Qb6 15.Rab1
Ne5 16.a4 a6 17.Qe3 Bg4 18.h3 Bxe2 19.Qxe2 Rac8 20.c4 b4 21.Be3 Nd7 22.f4 
e5 23.f5 Qd6 24.Rf3 Qf8 25.Rbf1 f6 26.Rg3 g5 27.h4 h6 28.Kf2 Kf7 29.Rh1 
Ke7 30.Ke1 Qf7 31.Kd2 a5 32.Kc2 Kd6 33.Kb2 Rh8 34.Rgh3 Rcg8 35.R1h2 Qe8 
36.Qd1 Qf7 37.hxg5 hxg5 38.Qh1 Qf8 39.Bd1 Rxh3 40.Rxh3 Rh8 41.Rh7 Qg8 42.
Rh5 Qe8 43.Qh3 Qg8 44.Kb3 Qe8 45.Bg4 Qg8 46.Qf3 Rxh5 47.Bxh5 Qh8 48.Qh3 
Qh6 49.Qf3 Qh8 50.Kb2 Bf8 51.Qh3 Qh6 52.Qf3 Qh8 53.Qh3 Qh6 54.Qf3 1/2-1/2

[Event "22nd EUR-ch (w)"]
[Site "Prague CZE"]
[Date "2022.08.27"]
[Round "7.43"]
[White "Pavlidou, Ekaterini"]
[Black "Markova, Karolina"]
[Result "1-0"]
[WhiteElo "2158"]
[BlackElo "1635"]
[EventDate "2022.08.20"]
[PlyCount "89"]

1.d4 Nf6 2.c4 g6 3.Nc3 Bg7 4.e4 d6 5.h3 O-O 6.Be3 Nbd7 7.Be2 c5 8.d5 a6 9.
a4 b6 10.Qd2 Re8 11.g4 Nf8 12.g5 N6d7 13.h4 Ne5 14.f3 Rb8 15.Kf2 f5 16.f4 
Nf7 17.exf5 Bxf5 18.Bf3 e5 19.dxe6 Nxe6 20.Nge2 Qd7 21.Nd5 Nc7 22.Nec3 
Nxd5 23.Nxd5 Be4 24.Rae1 Bxf3 25.Kxf3 Qxa4 26.Rc1 Qc6 27.h5 b5 28.hxg6 
hxg6 29.b3 bxc4 30.bxc4 Rb2 31.Qd3 Re6 32.Rb1 Rxb1 33.Rxb1 Nd8 34.Rb8 Qd7 
35.Qb1 Kh7 36.f5 gxf5 37.Qxf5+ Kg8 38.Rxd8+ Qxd8 39.Qxe6+ Kh8 40.Ne7 Qa8+ 
41.Kf2 Qf8+ 42.Ke2 Kh7 43.Qg6+ Kh8 44.Qh5+ Bh6 45.Ng6+ 1-0

[Event "22nd EUR-ch (w)"]
[Site "Prague CZE"]
[Date "2022.08.27"]
[Round "7.44"]
[White "Sochorova, Petra"]
[Black "Levitan, Ronit"]
[Result "1-0"]
[WhiteElo "2019"]
[BlackElo "2158"]
[EventDate "2022.08.20"]
[PlyCount "43"]

1.e4 e5 2.f4 Bc5 3.Nf3 d6 4.fxe5 dxe5 5.c3 Nc6 6.b4 Bb6 7.b5 Nb8 8.Bc4 Nd7
9.d4 h6 10.Qb3 Qf6 11.O-O exd4 12.cxd4 Bxd4+ 13.Nxd4 Qxd4+ 14.Kh1 Ngf6 15.
Bxf7+ Kd8 16.Bb2 Qxe4 17.Nd2 Qe2 18.Rad1 b6 19.Nf3 a5 20.Rfe1 Qf2 21.Bxf6+
gxf6 22.Qe6 1-0

[Event "22nd EUR-ch (w)"]
[Site "Prague CZE"]
[Date "2022.08.27"]
[Round "7.45"]
[White "Lomaia, Diana"]
[Black "Ibrahimova, Sabina"]
[Result "1-0"]
[WhiteElo "1955"]
[BlackElo "2146"]
[EventDate "2022.08.20"]
[PlyCount "111"]

1.d4 Nf6 2.c4 g6 3.g3 Bg7 4.Bg2 O-O 5.Nc3 d6 6.Nf3 c5 7.d5 e6 8.O-O exd5 
9.cxd5 Re8 10.Nd2 Nbd7 11.h3 a6 12.a4 Rb8 13.Nc4 Ne5 14.Na3 Qc7 15.f4 Ned7
16.Qd3 b5 17.axb5 axb5 18.Naxb5 Qb6 19.Qf3 Bb7 20.e4 Bf8 21.Qf2 Bg7 22.Kh2
Re7 23.Re1 Ba6 24.Bf1 Bb7 25.Na4 Qd8 26.Nxd6 Ba8 27.Nc3 Nb6 28.Ndb5 Qe8 
29.Nd6 Qd8 30.Ncb5 Rd7 31.Bg2 Nc4 32.Nxc4 Rxb5 33.Bd2 Rb3 34.Bc3 Qc8 35.
Qc2 Rb8 36.Be5 Rb4 37.Qc3 Qd8 38.Ra6 Bb7 39.Ra3 h5 40.Rb3 Rxb3 41.Qxb3 Ba6
42.Ra1 Rb7 43.Qc2 Bxc4 44.Qxc4 Nd7 45.Bxg7 Kxg7 46.Qc3+ Kh7 47.Ra3 h4 48.
Rb3 Ra7 49.e5 Ra1 50.e6 fxe6 51.dxe6 Nf6 52.Rb7+ Kh6 53.g4 g5 54.fxg5+ Kg6
55.Qc2+ Kxg5 56.Qf5+ 1-0

[Event "22nd EUR-ch (w)"]
[Site "Prague CZE"]
[Date "2022.08.27"]
[Round "7.46"]
[White "Dvorakova, Olga"]
[Black "Kazarian, Anna-Maja"]
[Result "0-1"]
[WhiteElo "1921"]
[BlackElo "2139"]
[EventDate "2022.08.20"]
[PlyCount "70"]

1.d4 d5 2.c4 c6 3.Nc3 Nf6 4.e3 e6 5.Nf3 Nbd7 6.Qc2 Bd6 7.b3 O-O 8.Be2 e5 
9.cxd5 cxd5 10.Nb5 Bb4+ 11.Bd2 Bxd2+ 12.Qxd2 e4 13.Ne5 Qe7 14.Nxd7 Bxd7 
15.O-O a6 16.Nc3 Rac8 17.Rfc1 h5 18.h4 Qd6 19.Bf1 Ng4 20.g3 f6 21.Ne2 g5 
22.Rxc8 Rxc8 23.Rc1 Rxc1 24.Qxc1 Qe6 25.Qc7 Qf5 26.Bg2 Qxf2+ 27.Kh1 Be6 
28.Qd8+ Kg7 29.hxg5 Qxe2 30.gxf6+ Nxf6 31.Qc7+ Kg6 32.Qf4 Qd1+ 33.Kh2 Ng4+
34.Kh3 Nxe3+ 35.Kh2 Qe2 0-1

[Event "22nd EUR-ch (w)"]
[Site "Prague CZE"]
[Date "2022.08.27"]
[Round "7.47"]
[White "Orian, Noga"]
[Black "Nilssen, Ellen Fredericia"]
[Result "0-1"]
[WhiteElo "1855"]
[BlackElo "2139"]
[EventDate "2022.08.20"]
[PlyCount "133"]

1.d4 Nf6 2.c4 e6 3.Nf3 b6 4.a3 Bb7 5.Nc3 d5 6.cxd5 Nxd5 7.e3 Nxc3 8.bxc3 
Be7 9.Bb5+ c6 10.Bd3 c5 11.e4 Nc6 12.O-O O-O 13.d5 exd5 14.exd5 Na5 15.c4 
b5 16.Qc2 Nxc4 17.Rb1 Qxd5 18.Bxh7+ Kh8 19.Re1 Qh5 20.Be4 Bxe4 21.Qxe4 Bf6
22.Bf4 Bc3 23.Rec1 Rfe8 24.Qd3 Bb2 25.Rxb2 Nxb2 26.Qb1 Re2 27.Bd2 Nc4 28.
Qxb5 Rxd2 29.Qxc4 Rd7 30.Qe4 Rad8 31.Qa4 Kg8 32.g4 Qd5 33.Qf4 Re7 34.h3 
Re2 35.Qc7 Rde8 36.Kg2 Qa2 37.Qxc5 Qb2 38.Rf1 Qb6 39.Qxb6 axb6 40.Rb1 Ra2 
41.Rxb6 Ree2 42.Rb3 Rxf2+ 43.Kg3 f6 44.h4 Rg2+ 45.Kf4 Rgb2 46.Rd3 Rb5 47.
g5 g6 48.Rd8+ Kf7 49.Rd7+ Kf8 50.Ra7 fxg5+ 51.hxg5 Rf5+ 52.Ke4 Re2+ 53.Kd3
Re7 54.Rxe7 Kxe7 55.Ke4 Kd6 56.Nd2 Rxg5 57.Kf4 Rg1 58.Ne4+ Ke7 59.a4 Ra1 
60.Nc5 Kf6 61.Ne4+ Kg7 62.Nc5 Kh6 63.Ke5 g5 64.Kd5 g4 65.Ke4 Kh5 66.Ke3 
Kh4 67.Nd3 0-1

[Event "22nd EUR-ch (w)"]
[Site "Prague CZE"]
[Date "2022.08.27"]
[Round "7.48"]
[White "Vega Gutierrez, Sabrina"]
[Black "Hnatyshyn, Anastasiia"]
[Result "1-0"]
[WhiteElo "2366"]
[BlackElo "2061"]
[EventDate "2022.08.20"]
[PlyCount "99"]

1.e4 c5 2.Nf3 Nc6 3.d4 cxd4 4.Nxd4 Nf6 5.Nc3 e5 6.Ndb5 d6 7.Bg5 a6 8.Na3 
b5 9.Bxf6 gxf6 10.Nd5 f5 11.g3 Bg7 12.Bg2 f4 13.O-O O-O 14.c4 Nd4 15.cxb5 
axb5 16.Nc2 fxg3 17.fxg3 Nxc2 18.Qxc2 Be6 19.Kh1 Rc8 20.Qd3 Kh8 21.Qxb5 
Rb8 22.Qe2 Bxd5 23.exd5 f5 24.b3 Qa5 25.Rad1 Ra8 26.Rf2 Ra7 27.Qh5 Qd8 28.
Rxf5 Rxf5 29.Qxf5 Qf6 30.Qc2 Rf7 31.Rf1 Qe7 32.Rxf7 Qxf7 33.a4 Bh6 34.b4 
Be3 35.a5 Qb7 36.Qf5 Qe7 37.b5 Bd2 38.a6 Be3 39.Qc8+ Kg7 40.Qb7 Qxb7 41.
axb7 Ba7 42.b6 Bb8 43.Be4 h6 44.Kg2 Kf6 45.Kf3 h5 46.h4 Kg7 47.Bd3 Kf7 48.
Ke4 Kf6 49.Be2 Kg6 50.Bf3 1-0

[Event "22nd EUR-ch (w)"]
[Site "Prague CZE"]
[Date "2022.08.27"]
[Round "7.49"]
[White "Koubova, Anna Marie"]
[Black "Sandu, Mihaela"]
[Result "0-1"]
[WhiteElo "2122"]
[BlackElo "2297"]
[EventDate "2022.08.20"]
[PlyCount "66"]

1.d4 Nf6 2.c4 g6 3.Nc3 Bg7 4.e4 d6 5.Be2 O-O 6.Bg5 c5 7.d5 Qa5 8.Qd2 a6 9.
f3 e6 10.dxe6 Bxe6 11.Nd5 Qxd2+ 12.Bxd2 Nxd5 13.cxd5 Bc8 14.O-O-O Nd7 15.
Bg5 Re8 16.Nh3 b5 17.Bf4 Ne5 18.Nf2 f5 19.Bg3 Bd7 20.f4 Nf7 21.Bf3 c4 22.
Rhe1 b4 23.Bh4 Ba4 24.Rd2 c3 25.Rde2 cxb2+ 26.Kb1 Bc3 27.Rg1 Rac8 28.exf5 
Rxe2 29.Bxe2 Bd4 30.Bd3 Rc3 31.fxg6 hxg6 32.Bxg6 Ra3 33.Bd3 b3 0-1

[Event "22nd EUR-ch (w)"]
[Site "Prague CZE"]
[Date "2022.08.27"]
[Round "7.50"]
[White "Vanduyfhuys, Daria"]
[Black "Richterova, Natasa"]
[Result "1-0"]
[WhiteElo "2054"]
[BlackElo "2215"]
[EventDate "2022.08.20"]
[PlyCount "131"]

1.d4 Nf6 2.c4 e6 3.Nf3 Bb4+ 4.Bd2 Qe7 5.Nc3 Nc6 6.g3 O-O 7.Bg2 Na5 8.b3 b6
9.O-O Bb7 10.Qc2 Rac8 11.Rfd1 Rfd8 12.Ne5 Bxg2 13.Kxg2 d6 14.Nd3 Nc6 15.e3
Bxc3 16.Bxc3 d5 17.Bb2 Nb4 18.Nxb4 Qxb4 19.c5 Qb5 20.a4 Qe8 21.b4 h6 22.
Qd3 Nh7 23.Qa6 Ra8 24.Rdc1 Qe7 25.Ba3 Qf6 26.Qb7 Rdc8 27.cxb6 axb6 28.Rxc7
Rcb8 29.Qc6 Ng5 30.f4 Ne4 31.b5 Qg6 32.Be7 Qg4 33.Qc2 Re8 34.a5 bxa5 35.b6
e5 36.dxe5 Qe6 37.b7 Rab8 38.Bc5 Qa6 39.Rb1 Nxc5 40.Qxc5 Qe2+ 41.Kg1 d4 
42.Qxd4 Red8 43.Qc4 Qxe3+ 44.Kg2 Kh7 45.Kh3 Qf3 46.Qxf7 Rg8 47.Qf5+ Kh8 
48.Qc2 a4 49.Rb6 Qh5+ 50.Kg2 a3 51.h3 Rgd8 52.g4 Qh4 53.Qf2 Qxf2+ 54.Kxf2 
Kh7 55.Ra6 Rd2+ 56.Ke3 Rh2 57.Ke4 Rb2 58.Rxa3 R8xb7 59.Rxb7 Rxb7 60.Rd3 
Kg6 61.f5+ Kf7 62.e6+ Kf6 63.Rd7 Rb4+ 64.Kd5 Rb5+ 65.Kc6 Re5 66.Rf7+ 1-0

[Event "22nd EUR-ch (w)"]
[Site "Prague CZE"]
[Date "2022.08.27"]
[Round "7.51"]
[White "Terbe, Zsuzsanna"]
[Black "Bashylina, Luisa"]
[Result "1-0"]
[WhiteElo "2196"]
[BlackElo "2018"]
[EventDate "2022.08.20"]
[PlyCount "115"]

1.d4 Nf6 2.c4 g6 3.Nc3 d5 4.Bf4 Bg7 5.Nf3 O-O 6.Rc1 dxc4 7.e4 Bg4 8.Bxc4 
Nh5 9.Be3 Bxf3 10.gxf3 e6 11.f4 Nc6 12.e5 Qh4 13.Qf3 Bh6 14.Ne2 Rad8 15.
Rg1 Ng7 16.Bd3 Nb4 17.Be4 c6 18.Rg3 f5 19.Bb1 Nh5 20.Rh3 Qg4 21.Qxg4 fxg4 
22.Rh4 Bxf4 23.Rxg4 Nd5 24.Nxf4 Nhxf4 25.Be4 Rf7 26.a3 Rdf8 27.Bd2 Kg7 28.
Rc2 Rd8 29.h4 Nh5 30.Bg5 Rdd7 31.b4 Nc7 32.Bd3 Rf3 33.Ke2 Rdf7 34.Be3 Nd5 
35.Be4 Nxe3 36.fxe3 Rf2+ 37.Ke1 Rf1+ 38.Kd2 Ra1 39.Rc3 Rf2+ 40.Kd3 a6 41.
Kc4 Rfa2 42.Kc5 Rxa3 43.Rxa3 Rxa3 44.Kb6 Rxe3 45.Kxb7 Rb3 46.Kxa6 Rxb4 47.
Bxc6 Kf8 48.Bb5 Ng7 49.Kb6 Nf5 50.Kc5 Rb2 51.Bd3 Rf2 52.Bxf5 Rxf5 53.Kd6 
Kf7 54.d5 Rf2 55.Ra4 exd5 56.e6+ Kf6 57.Ra7 Re2 58.Rf7# 1-0